U.S. States by Governor - Statistics

General Stats
  • This quiz has been taken 59 times
  • The average score is 25 of 50
Answer Stats
Governor State % Correct
Andrew Cuomo New York
96%
Gavin Newsom California
92%
Ron DeSantis Florida
92%
Gretchen Whitmer Michigan
90%
Greg Abbott Texas
85%
Kristi Noem South Dakota
75%
Brian Kemp Georgia
71%
Jay Inslee Washington
71%
Doug Ducey Arizona
63%
J. B. Pritzker Illinois
63%
Mike DeWine Ohio
60%
Chris Sununu New Hampshire
58%
Asa Hutchinson Arkansas
56%
Larry Hogan Maryland
56%
Tim Walz Minnesota
56%
Roy Cooper North Carolina
56%
Tom Wolf Pennsylvania
56%
Kay Ivey Alabama
54%
John Bel Edwards Louisiana
54%
Ralph Northam Virginia
54%
Kate Brown Oregon
52%
Jim Justice West Virginia
52%
Andy Beshear Kentucky
50%
Charlie Baker Massachusetts
48%
Phil Murphy New Jersey
48%
Michelle Lujan Grisham New Mexico
48%
Jared Polis Colorado
46%
David Ige Hawaii
46%
Steve Bullock Montana
46%
Tony Evers Wisconsin
44%
Kim Reynolds Iowa
42%
Gina Raimondo Rhode Island
42%
Tate Reeves Mississippi
40%
Kevin Stitt Oklahoma
40%
Phil Scott Vermont
40%
Ned Lamont Connecticut
38%
Laura Kelly Kansas
38%
Janet Mills Maine
38%
Brad Little Idaho
35%
Steve Sisolak Nevada
35%
Doug Burgum North Dakota
35%
John Carney Delaware
33%
Eric Holcomb Indiana
33%
Pete Ricketts Nebraska
33%
Bill Lee Tennessee
33%
Mike Parson Missouri
31%
Mike Dunleavy Alaska
29%
Henry McMaster South Carolina
29%
Gary Herbert Utah
27%
Mark Gordon Wyoming
27%
No matching quizzes found
Score Distribution
Percent of People with Each Score
Percentile by Number Answered
Your Score History
You have not taken this quiz